Ordo analogiae. Interpretación y construcción del mundo.
En esta obra, Mauricio Beuchot intenta presentar la hermenéutica analógica como un instrumento cognoscitivo para el mundo actual. Con ese fin la conecta con el pensamiento icónico, tan presente en nuestra época. Pero también se ve en algunos filósofos anteriores, como en Giambattista Vico y sus univ...
Tallennettuna:
| Päätekijä: | |
|---|---|
| Aineistotyyppi: | Kirja |
| Kieli: | englanti |
| Julkaistu: |
México, D.F., México:
Universidad Nacional Autónoma de México,
2012.
|
| Painos: | Primera edición. |
| Sarja: | Cuadernos del Seminario de Hermenéutica (Instituto de Investigaciones Filológicas),
6. |
| Aiheet: | |
| Tagit: |
Lisää tagi
Ei tageja, Lisää ensimmäinen tagi!
|
MARC
| LEADER | 00000nam a22000007a 4500 | ||
|---|---|---|---|
| 003 | CL-VaPUC | ||
| 005 | 20220822114446.0 | ||
| 008 | 220330t2012 ||||| |||| 00| 0 eng d | ||
| 999 | |c 435204 |d 435202 | ||
| 020 | |a 978-607-02-3611-2 | ||
| 040 | |c Pontificia Universidad Católica de Valparaíso | ||
| 082 | 7 | |a 121.686 BEU 2012 |2 22 | |
| 100 | |a Beuchot, Mauricio |9 518846 |e autor | ||
| 245 | |a Ordo analogiae. |b Interpretación y construcción del mundo. | ||
| 250 | |a Primera edición. | ||
| 260 | |a México, D.F., México: |b Universidad Nacional Autónoma de México, |c 2012. | ||
| 300 | |a 168 páginas. | ||
| 490 | |a Cuadernos del Seminario de Hermenéutica (Instituto de Investigaciones Filológicas), |v 6. | ||
| 500 | |a c.1 Donación Familia Prof. Alejandro Guzmán Brito. | ||
| 520 | |a En esta obra, Mauricio Beuchot intenta presentar la hermenéutica analógica como un instrumento cognoscitivo para el mundo actual. Con ese fin la conecta con el pensamiento icónico, tan presente en nuestra época. Pero también se ve en algunos filósofos anteriores, como en Giambattista Vico y sus universales poéticos, que nos dan otra nueva forma de hacer abstracción sin despegamos de lo concreto. Lo mismo en Franz Brentano, estudioso de la noción aristotélica de analogía. Eso nos conduce al pensamiento del símbolo, el cual se considera en algunos filósofos existencialistas y en un psicólogo: Jung. Se insiste en que la hermenéutica busca el sentido, incluso el de la vida, especialmente una que se pretende analógica. Finalmente, se aplica a la filosofía de la educación y a la filosofía de la religión. | ||
| 583 | |c 20220330 |k Yessy Stephany Diaz Vidal | ||
| 650 | |a Hermenéutica |9 269473 | ||
| 650 | |a Pensamiento analógico |9 869976 | ||
| 942 | |2 ddc |c BK |n 0 | ||
| 952 | |0 0 |1 0 |2 ddc |4 0 |6 121_686000000000000_BEU_2012 |7 1 |8 C_AGB |9 582256 |a BIBDER |b BIBDER |d 2022-03-30 |e Donación |i 5650492 |o 121.686 BEU 2012 |p 5650492 |r 2023-01-25 |t 1 |w 2022-03-30 |y BK_US |k AGB | ||